Criminal law & criminal justice : (Record no. 22006)

MARC details
000 -LEADER
fixed length control field 01020cam a22002775a 4500
001 - CONTROL NUMBER
control field 15666006
005 - DATE AND TIME OF LATEST TRANSACTION
control field 20160721150044.0
008 - FIXED-LENGTH DATA ELEMENTS--GENERAL INFORMATION
fixed length control field 090319s2010 cau frb 001 0 eng d
020 ## - INTERNATIONAL STANDARD BOOK NUMBER
International Standard Book Number 9781847870872 (pbk.)
020 ## - INTERNATIONAL STANDARD BOOK NUMBER
International Standard Book Number 1847870872 (pbk.)
040 ## - CATALOGING SOURCE
Original cataloging agency UKM
Transcribing agency UKM
Modifying agency BTCTA
-- YDXCP
-- BWKUK
-- BWX
-- CDX
-- DLC
-- EG-ScBUE
Language of cataloging eng
082 04 - DEWEY DECIMAL CLASSIFICATION NUMBER
Classification number 345
Edition number 22
Item number CRO
100 1# - MAIN ENTRY--PERSONAL NAME
Personal name Cross, Noel.
9 (RLIN) 40401
245 10 - TITLE STATEMENT
Title Criminal law & criminal justice :
Remainder of title an introduction /
Statement of responsibility, etc Noel Cross.
246 3# - VARYING FORM OF TITLE
Title proper/short title Criminal law and criminal justice
250 ## - EDITION STATEMENT
Edition statement 1st ed.
260 ## - PUBLICATION, DISTRIBUTION, ETC. (IMPRINT)
Place of publication, distribution, etc Los Angeles :
Name of publisher, distributor, etc SAGE,
Date of publication, distribution, etc 2010.
300 ## - PHYSICAL DESCRIPTION
Extent vi, 230 p. ;
Dimensions 25 cm.
500 ## - GENERAL NOTE
General note Index : p. [219]-230.
504 ## - BIBLIOGRAPHY, ETC. NOTE
Bibliography, etc Bibliography : p. [205]-218.
505 0# - FORMATTED CONTENTS NOTE
Formatted contents note Introduction -- Actus reus -- Mens rea -- General defences in the criminal law -- Alternative forms of criminal history -- Non-fatal assaults -- Sexual offences -- Homicide -- Property offences.
650 #7 - SUBJECT ADDED ENTRY--TOPICAL TERM
Topical term or geographic name as entry element Criminal law.
Source of heading or term BUEsh
9 (RLIN) 40402
651 ## - SUBJECT ADDED ENTRY--GEOGRAPHIC NAME
Source of heading or term BUEsh
653 ## - INDEX TERM--UNCONTROLLED
Resource For college Law
Arrived date list July2016
942 ## - ADDED ENTRY ELEMENTS (KOHA)
Source of classification or shelving scheme Dewey Decimal Classification
Holdings
Withdrawn status Item status Source of classification or shelving scheme Damaged status Not for loan Vendor Home library Current library Shelving location Date acquired Source of acquisition Cost, normal purchase price Serial Enumeration / chronology Total Checkouts Total Renewals Full call number Barcode Date last seen Date last borrowed Cost, replacement price Koha item type
    Dewey Decimal Classification     Baccah Central Library Central Library First floor 21/07/2016 Purchase 299.00 26080 1 6 345 CRO 000032980 15/07/2025 25/09/2016 373.75 Book - Borrowing